000 01705nmm a2200517 a 4500
003 AR-BaBNM
005 20251128204943.0
008 011101s1995 ||||||||||||||000 | spa||
020 _a950-802-
040 _cAR-BaBNM
111 2 _aSeminario internacional El derecho y los chicos
_cBuenos Aires, Argentina
_9mar. 21-24
_d1995
245 1 0 _aEl derecho y los chicos
_bbalance y perspectivas de las reformas legislativas
250 _a1ª ed.
260 _aBuenos Aires
_bEspacio
_c1995
300 0 _a272 p.
500 1 _aEl seminario de referencia se realizó en el aniversario de la Convención Internacional de los Derechos del Niño y fue organizado por la Embajada de Italia, Oficina de Cooperación, la Fundación Pibes Unidos y el Posgrado en problemáticas sociales infanto-j
650 4 _aINFANCIA
650 4 _aBIENESTAR DE LA INFANCIA
650 4 _aDERECHOS DEL NINO
650 4 _aLEGISLACION
650 4 _aREFORMA JURIDICA
651 4 _aUruguay
651 4 _aPerú
651 4 _aItalia
651 4 _aGuatemala
651 4 _aEcuador
651 4 _aChile
651 4 _aBrasil
651 4 _aBolivia
651 4 _aArgentina
700 1 _aBianchi, María del Carmen
_ecompilador
700 1 _aBaratta, Alessandro
700 1 _aBidart Campos, Germán J.
700 1 _aLeo, Gaetano de
700 1 _aGarcía Méndez, Emilio
700 1 _aFerrari Bravo, Gabriella
700 1 _aGarrido de Paula, Paulo Alfonso
700 1 _aHope, Marcel
700 1 _aEsquivel Utreras, Amira
700 1 _aCrosby Crosby, Patricia
700 1 _aDávalos Vela, Guillermo
700 1 _aEstrada Castillo, Miriam
700 1 _aViero, Paola
942 _cBK
998 _cSILVI
999 _c9472
_d9472